A hand-book of formulae, tables, and memoranda for architectural surveyors, and others engaged in building (Record no. 113942)

MARC details
000 -LEADER
fixed length control field 00624cam a22001815a 4500
001 - CONTROL NUMBER
control field L155955
008 - FIXED-LENGTH DATA ELEMENTS--GENERAL INFORMATION
fixed length control field 120423s1865 xxk f 000 0 eng d
035 ## - SYSTEM CONTROL NUMBER
System control number (Sirsi) u155955
041 0# - LANGUAGE CODE
Language code of text/sound track or separate title eng
100 1# - MAIN ENTRY--PERSONAL NAME
Personal name Hurst, John Thomas
245 02 - TITLE STATEMENT
Title A hand-book of formulae, tables, and memoranda for architectural surveyors, and others engaged in building
260 ## - PUBLICATION, DISTRIBUTION, ETC.
Place of publication, distribution, etc. London
Name of publisher, distributor, etc. E. and F.N. Spon, 16, Bucklersbury
Date of publication, distribution, etc. 1865
300 ## - PHYSICAL DESCRIPTION
Extent [2], v, [1], 338 p.
Dimensions 13 x 9 cm.
583 ## - ACTION NOTE
Action Condition reviewed
Time/date of action 20120620
Status condition level 1 and 3
651 #4 - SUBJECT ADDED ENTRY--GEOGRAPHIC NAME
Geographic name Great Britain
Chronological subdivision 1707-
690 ## - LOCAL SUBJECT ADDED ENTRY--TOPICAL TERM (OCLC, RLIN)
Topical term or geographic name as entry element Construction management
9 (RLIN) 6230
942 ## - ADDED ENTRY ELEMENTS (KOHA)
Suppress in OPAC 0
Holdings
Withdrawn status Lost status Source of classification or shelving scheme Damaged status Not for loan Home library Current library Shelving location Date acquired Total Checkouts Full call number Barcode Date last seen Copy number Price effective from Koha item type
    Dewey Decimal Classification     Historic collection Historic collection Historic collection 23/04/2012   OCTAVO 1865 HURST 30077865 06/08/2019 1 06/08/2019 Book
    Dewey Decimal Classification     Historic collection Historic collection Historic collection 14/01/2013   OCTAVO 1865 HURST 30078715 06/08/2019 2 06/08/2019 Book